Normal view MARC view
  • O'Kif, Alejandro,

Entry Nombre Personal

Number of records used in: 1

001 - NUMERO DE CONTROL

  • campo de control: 46552

003 - IDENTIFICADOR DE NUMERO DE CONTROL

  • campo de control: UPN

005 - FECHA Y HORA DE LA ÜLTIMA TRANSACCIÓN

  • campo de control: 20220920173144.0

008 - DATOS DE LONGITUD FIJA

  • campo de control de longitud fija: 220920nn acannaabn n aaa d

040 ## - FUENTE DE CATALOGACIÓN

  • Agencia original de catalogación: UPN

100 1# - ENCABEZAMIENTO - NOMBRE PERSONAL

  • Nombre personal: O'Kif, Alejandro,
  • Fechas asociadas con el nombre: 1959-

400 1# - VEÁSE - NOMBRE DE PERSONA

  • Personal name: 0'Keefe, Alejandro,
  • Dates associated with a name: 1959-

670 ## - FUENTE EN LA QUE SE LOCALIZARON DATOS

  • Cita de la fuente: T
  • Uniform Resource Identifier: http://www.elem.mx/autor/datos/124124

680 ## - NOTA PUBLICA DE ACCESO PÚBLICO

  • Frase explicativa de la referencia: Ilustrador argentino

902 ## - CATALOGADOR

  • Catalogador: CAA/200922